<?xml version="1.0" encoding="UTF-8"?>
<collection xmlns="http://www.loc.gov/MARC21/slim">
 <record>
  <leader>02012naa a2200253 i 4500</leader>
  <controlfield tag="001">acta67422</controlfield>
  <controlfield tag="005">20211001143111.0</controlfield>
  <controlfield tag="008">200513s2016    hu      o     0||   hun d</controlfield>
  <datafield tag="020" ind1=" " ind2=" ">
   <subfield code="a">978-963-306-491-7</subfield>
  </datafield>
  <datafield tag="022" ind1=" " ind2=" ">
   <subfield code="a">2064-4825</subfield>
  </datafield>
  <datafield tag="040" ind1=" " ind2=" ">
   <subfield code="a">SZTE Egyetemi Kiadványok Repozitórium</subfield>
   <subfield code="b">hun</subfield>
  </datafield>
  <datafield tag="041" ind1=" " ind2=" ">
   <subfield code="a">hun</subfield>
  </datafield>
  <datafield tag="100" ind1="1" ind2=" ">
   <subfield code="a">Klestenitz Tibor</subfield>
  </datafield>
  <datafield tag="245" ind1="1" ind2="2">
   <subfield code="a">A királyhűség rítusai az országos katolikus nagygyűléseken</subfield>
   <subfield code="h">[elektronikus dokumentum] /</subfield>
   <subfield code="c"> Klestenitz Tibor</subfield>
  </datafield>
  <datafield tag="260" ind1=" " ind2=" ">
   <subfield code="c">2016</subfield>
  </datafield>
  <datafield tag="300" ind1=" " ind2=" ">
   <subfield code="a">251-264</subfield>
  </datafield>
  <datafield tag="490" ind1="0" ind2=" ">
   <subfield code="a">A vallási kultúrakutatás könyvei</subfield>
  </datafield>
  <datafield tag="490" ind1="0" ind2=" ">
   <subfield code="a">&quot;A királyhűség jól bevált útján...&quot;: rendi és nemzeti kötődések szimbolikus változásai 1867 és 1918 között</subfield>
  </datafield>
  <datafield tag="520" ind1="3" ind2=" ">
   <subfield code="a">The paper examines the transformations of the symbolic relationship between the Hungarian political Catholicism and the Habsburg dynasty in the mirror of the Catholic Assemblies. This relationship was often complicated by tensions: in the 1850’-s, Franz Joseph attempted to restrict the independence of the Hungarian hierarchy, and inthe 1890’-s he sanctioned the liberal reform laws on ecclesiastical matters. Despite the tensions, the expression of the solidarity with the person of the King (and not with his actual policy) became a permanent programme point on the National Catholic Assemblies, and the members of the dynasty occasionally took part on the Assemblies. The rites of the dynastic loyalty worked on a regular basis and proved to be long-lasting, as they proceeded even after the dethronement of the Habsburgs in 1921.</subfield>
  </datafield>
  <datafield tag="650" ind1=" " ind2="4">
   <subfield code="a">Bölcsészettudományok</subfield>
  </datafield>
  <datafield tag="650" ind1=" " ind2="4">
   <subfield code="a">Történettudomány és régészet</subfield>
  </datafield>
  <datafield tag="695" ind1=" " ind2=" ">
   <subfield code="a">Egyházpolitika - Magyarország - 19-20. sz., Katolikus egyház - Magyarország - 19-20. sz.</subfield>
  </datafield>
  <datafield tag="710" ind1=" " ind2=" ">
   <subfield code="a">„A  királyhűség  jól  bevált  útján...”  Rendi  és nemzeti kötődések szimbolikus változásai 1867 és 1918 között (2014) (Szeged)</subfield>
  </datafield>
  <datafield tag="856" ind1="4" ind2="0">
   <subfield code="u">http://acta.bibl.u-szeged.hu/67422/1/vallasi_kulturakutatas_konyvei_025_251-264.pdf</subfield>
   <subfield code="z">Dokumentum-elérés </subfield>
  </datafield>
 </record>
</collection>
